[Event "CZE-chT"]
[Site "?"]
[Date "1993.??.??"]
[Round "?"]
[White "Obsivac, Josef"]
[Black "Frolik, Martin"]
[Result "1/2-1/2"]
[WhiteElo "2310"]
[BlackElo "2285"]

1.d4 d5 2.Bg5 Nf6 3.e3 e6 4.Nd2 b6 5.Ngf3 Be7 6.Bd3 O-O 7.O-O Bb7 8.Ne5 c5
9.c3 Nc6 10.f4 Nxe5 11.fxe5 Nd7 12.Bxe7 Qxe7 13.Qh5 g6 14.Qh6 f6 15.exf6 Nxf6
16.Qg5 Rae8 17.Bb5 Nd7 18.Qg4 Bc8 19.Rxf8+ Rxf8 20.Bxd7 Bxd7 21.Qg3 Bb5 22.Nf3 Qf6
23.h3 Qf5 24.Re1 Bd3 25.Qh4 Be4 26.Ng5 h6 27.Nxe4 dxe4 28.dxc5 g5 29.Qg3 bxc5
30.Rd1 Rf7 31.Qb8+ Kg7 32.Kh2 Qf6 33.Rd8 Kh7 34.Qd6 h5 35.Re8 g4 36.Qxe6 Qxe6
37.Rxe6 gxh3 38.Kxh3 Rf2 39.Rxe4 Rxb2 40.Ra4 Rc2 41.Rc4 Rxa2 42.Rxc5 Kg6
43.Kg3 a5 44.Kf3 a4 45.Ra5 a3 46.c4 Ra1 47.Kf4 Kf6 48.Ra6+ Ke7 49.Ke5 a2
50.Ra7+ Kd8 51.c5 h4 52.e4 Kc8 53.c6 Kb8 54.Rb7+ Kc8 55.Rb2 Kc7 56.Rc2 Rd1
57.Rxa2 Kxc6 58.Ke6 Rd6+ 59.Kf5 Kd7 60.e5 Rb6 61.Ra7+ Ke8 62.Rh7 Rb2 63.Rg7 Kf8
64.Rg4 Kf7 65.Kg5 Re2 66.Kf4 Rf2+ 67.Ke3 Rb2 68.Rg5 h3 69.g3 h2 70.Rh5 Kg6
71.g4 Ra2 72.Kf3 Rb2 73.Ke4 Ra2 74.Rh8 Kg7 75.Rh3 Kf7 76.Rh6 Re2+ 77.Kf4 Rf2+
78.Kg5 Re2  1/2-1/2

[Event "Debrecen-C"]
[Site "Debrecen"]
[Date "1993.??.??"]
[Round "2"]
[White "Donka, Peter"]
[Black "Mate, Laszlo"]
[Result "1-0"]
[WhiteElo "2215"]
[BlackElo "2285"]

1.d4 Nf6 2.Bg5 d5 3.Bxf6 exf6 4.e3 f5 5.Bd3 Bd6 6.Qf3 g6 7.Ne2 c6 8.O-O Nd7
9.Nd2 Nf6 10.Nf4 O-O 11.c4 Ne4 12.Rfd1 Ng5 13.Qg3 Ne4 14.Bxe4 fxe4 15.c5 Bc7
16.f3 f5 17.h4 Qf6 18.Qf2 h6 19.Ne2 Bd7 20.f4 Kf7 21.g3 Ke7 22.Kg2 Rg8 23.Rh1 Rg7
24.b4 Rag8 25.Rag1 Kd8 26.Kf1 Kc8 27.Nc3 g5 28.hxg5 hxg5 29.Ne2 Kb8 30.Qh2 Bc8
31.Kf2 b6 32.Nb1 bxc5 33.bxc5 Ba6 34.Nbc3 Bd3 35.Qh6 Rg6 36.Qh7 R6g7 37.Qh6 Rg6
38.Qh7 Ka8 39.Qxc7 Rb8 40.Rh7  1-0

[Event "Dresden (Women)"]
[Site "Dresden"]
[Date "1993.??.??"]
[Round "?"]
[White "Heinatz, Gundula"]
[Black "Bielicki, Birke"]
[Result "1-0"]
[WhiteElo "2235"]
[BlackElo "2235"]

1.d4 Nf6 2.Bg5 g6 3.Bxf6 exf6 4.e3 Bg7 5.c4 O-O 6.Nc3 d6 7.g3 f5 8.Bg2 Nd7
9.Nge2 Nf6 10.Qc2 c6 11.h4 Re8 12.O-O Bd7 13.b4 Qc7 14.Rfd1 Rac8 15.Rac1 b5
16.cxb5 cxb5 17.Qb1 Qb6 18.Nf4 Be6 19.Ncd5 Nxd5 20.Nxd5 Bxd5 21.Bxd5 Qa6
22.Qb3 Re7 23.Rc2 Rec7 24.Rdc1 Qb6 25.Bxf7+ Kf8 26.Qe6  1-0

[Event "Dublin zt"]
[Site "Dublin"]
[Date "1993.??.??"]
[Round "2"]
[White "Brady, Stephen"]
[Black "Arkell, Keith C"]
[Result "0-1"]
[WhiteElo "2305"]
[BlackElo "2450"]

1.d4 Nf6 2.Bg5 d5 3.Bxf6 gxf6 4.e3 Bf5 5.Ne2 e6 6.Ng3 Bg6 7.h4 h6 8.Bd3 Bxd3
9.Qxd3 Bd6 10.Nh5 Nd7 11.Nc3 f5 12.O-O-O Rg8 13.g3 c5 14.Nxd5 exd5 15.dxc5 Be5
16.Qxf5 Qe7 17.Rxd5 Qe6 18.Qf3 O-O-O 19.Rhd1 Bh8 20.Qe2 Ne5 21.Nf4 Qc6 22.e4 Rxd5
23.Rxd5 Re8 24.b3 Kc7 25.a4 Nd7 26.Qc4 Qf6 27.Nd3 Qa1+ 28.Kd2 Nf6 29.Rd4 Qxd4  0-1

[Event "Elenite op"]
[Site "Elenite"]
[Date "1993.??.??"]
[Round "3"]
[White "Gochev, Mladen"]
[Black "Georgiev, Vladimir"]
[Result "0-1"]
[WhiteElo "2300"]
[BlackElo "2410"]

1.d4 Nf6 2.Bg5 g6 3.Bxf6 exf6 4.e3 Bg7 5.Ne2 b6 6.Nf4 Bb7 7.Nc3 O-O 8.h4 f5
9.h5 Re8 10.hxg6 hxg6 11.Bc4 Qg5 12.Nce2 Nc6 13.c3 Na5 14.Bb5 c6 15.Bd3 c5
16.Qd2 cxd4 17.exd4 Be4 18.b3 Bxd3 19.Nxd3 Qxg2 20.O-O-O Rac8 21.Ne5 d6 22.Nf4 Qb7
23.Nexg6 fxg6 24.Nxg6 Qf3 25.Qg5 Qxc3+ 26.Kb1 Qc2+ 27.Ka1 Nxb3+ 28.axb3 Qc3+
29.Kb1 Qxb3+ 30.Ka1 Qa3+ 31.Kb1 Qb4+  0-1

[Event "Elenite op"]
[Site "Elenite"]
[Date "1993.??.??"]
[Round "9"]
[White "Genov, Petar"]
[Black "Petrov, Marijan"]
[Result "1-0"]
[WhiteElo "2430"]
[BlackElo "2330"]

1.d4 Nf6 2.Bg5 g6 3.Bxf6 exf6 4.g3 Bg7 5.Bg2 d5 6.e3 O-O 7.Ne2 Bg4 8.O-O c6
9.h3 Bxe2 10.Qxe2 Nd7 11.c4 Nb6 12.cxd5 Nxd5 13.Nc3 Nxc3 14.bxc3 Qd6 15.a4 b6
16.a5 Rad8 17.Qa6 Qc7 18.Rfb1 Rb8 19.Rb3 bxa5 20.Rab1 Rbc8 21.Rb7 Qd6 22.Rxa7 Qa3
23.Rbb7 Qxc3 24.Rxf7 Rxf7 25.Qxc8+ Rf8 26.Qd7  1-0

[Event "ESP-ch playoff"]
[Site "?"]
[Date "1993.??.??"]
[Round "8"]
[White "Romero Holmes, Alfonso"]
[Black "Martin Gonzalez, Angel"]
[Result "0-1"]
[WhiteElo "2440"]
[BlackElo "2405"]

1.d4 Nf6 2.Bg5 c5 3.Bxf6 gxf6 4.d5 Qb6 5.Qc1 f5 6.g3 Bg7 7.c3 d6 8.Bh3 Nd7
9.Bxf5 Nf6 10.Bc2 Nxd5 11.Ba4+ Kf8 12.Nf3 h5 13.Nbd2 Bh6 14.h4 Bg4 15.Qc2 Nf6
16.Ng5 d5 17.c4 d4 18.Ndf3 Qa5+ 19.Kf1 Qc7 20.Kg2 e5 21.e4 Nh7 22.Nxh7+ Rxh7
23.Ne1 Kg8 24.Nd3 f5 25.f3 Bxf3+ 26.Kxf3 fxe4+ 27.Ke2 exd3+ 28.Qxd3 e4  0-1

[Event "ESP-ch"]
[Site "?"]
[Date "1993.??.??"]
[Round "6"]
[White "Gil Gonzales, Jose Manuel"]
[Black "Candela Perez, Jose"]
[Result "1-0"]
[WhiteElo "2355"]
[BlackElo "2315"]

1.d4 Nf6 2.Bg5 c5 3.Nc3 Qb6 4.d5 Qxb2 5.Bd2 Qb6 6.e4 e5 7.Rb1 Qd8 8.f4 d6
9.Nf3 Nbd7 10.Bc4 a6 11.a4 Be7 12.O-O O-O 13.h3 Ne8 14.f5 Nc7 15.g4 b5 16.axb5 axb5
17.Nxb5 Ra4 18.Qe1 Rxc4 19.Ba5 Nf6 20.Nd2 Rxc2 21.Bxc7 Qd7 22.Qd1 Rxd2 23.Qxd2 Nxe4
24.Qa5 Bg5 25.Qb6 Nd2 26.Nxd6 Be3+ 27.Kg2 Bd4 28.f6 g6 29.Qc6 Nxf1 30.Kxf1 h5
31.Nxc8 Qxc8 32.Rb8 Qxb8 33.Bxb8 Rxb8 34.gxh5 e4 35.hxg6 Rb1+ 36.Ke2 Rb2+
37.Kd1 Rb1+ 38.Kc2 Rb2+ 39.Kc1 fxg6 40.Qe8+ Kh7 41.Qe7+  1-0

[Event "ESP-chT"]
[Site "?"]
[Date "1993.??.??"]
[Round "?"]
[White "Hodgson, Julian M"]
[Black "Bernal Moro, Luis Javier"]
[Result "1/2-1/2"]
[WhiteElo "2625"]
[BlackElo "2385"]

1.d4 Nf6 2.Bg5 c5 3.Bxf6 gxf6 4.d5 d6 5.Nd2 f5 6.c4 Nd7 7.g3 Bg7 8.Qc2 Nf6
9.Bh3 e6 10.Ngf3 O-O 11.O-O b5 12.dxe6 fxe6 13.e4 Nxe4 14.Nxe4 fxe4 15.Qxe4 d5
16.Bxe6+ Bxe6 17.Qxe6+ Kh8 18.Ne5 Qe8 19.Qxe8 Raxe8 20.f4 bxc4 21.Rfe1 Bxe5
22.fxe5 Rf5 23.e6 Rf6 24.Re5 Rexe6  1/2-1/2

[Event "ESP-chT"]
[Site "?"]
[Date "1993.??.??"]
[Round "?"]
[White "Hodgson, Julian M"]
[Black "Glavina, Pablo"]
[Result "1-0"]
[WhiteElo "2625"]
[BlackElo "2405"]

1.d4 Nf6 2.Bg5 c5 3.d5 Qb6 4.Nc3 Qxb2 5.Bd2 Qb6 6.e4 d6 7.f4 e6 8.Rb1 Qd8
9.Bb5+ Bd7 10.dxe6 fxe6 11.e5 Nd5 12.Qh5+ g6 13.Qg4 Nc6 14.Ne4 dxe5 15.fxe5 Qc7
16.c4 Qxe5 17.Nf3 Qf5 18.cxd5 exd5 19.Qxf5 Bxf5 20.Nf6+ Kf7 21.Nxd5 Bxb1
22.O-O Bf5 23.g4 Rd8 24.gxf5 Rxd5 25.Bc4 Ne7 26.f6 b5 27.Ng5+ Ke8 28.Bxb5+ Kd8
29.Ne6+ Kc8 30.Nxf8 Nf5 31.Ba6+ Kd8 32.Ba5+ Ke8 33.Ne6 Kd7 34.Nf4 Rd6 35.Bb5+ Kc8
36.Bc3 Rf8 37.Be5 Rb6 38.Bc4 Ne3 39.Be6+ Kb7 40.Re1 g5 41.Rxe3 gxf4 42.Bd5+  1-0

[Event "Espoo We MatSK"]
[Site "Espoo"]
[Date "1993.??.??"]
[Round "?"]
[White "Puranen, Jukka"]
[Black "Sepp, Olav"]
[Result "0-1"]
[WhiteElo "2340"]
[BlackElo "2390"]

1.d4 Nf6 2.Bg5 d5 3.Bxf6 exf6 4.e3 Bd6 5.Bd3 Be6 6.Nd2 f5 7.Qf3 g6 8.Ne2 Nd7
9.c4 c6 10.Nc3 Nf6 11.a3 O-O 12.g3 Re8 13.O-O Ne4 14.Rfd1 Nxd2 15.Rxd2 dxc4
16.Bf1 Rc8 17.d5 cxd5 18.Nxd5 Be5 19.Rad1 Qa5 20.e4 c3 21.bxc3 Bxc3 22.exf5 Bxf5
23.Nxc3 Qxc3 24.Qxc3 Rxc3 25.a4 Rec8 26.Rd4 Kf8 27.Rb4 b6 28.Rbd4 Ke7 29.Bb5 Rc1
30.h4 Rxd1+ 31.Rxd1 Rc3 32.Rd4 Be6 33.Kg2 Ra3 34.Kh2 h5 35.Rd1 Ra2 36.Kg2 Ra3
37.Kh2 Bg4 38.Rc1 a6 39.Bxa6 Rxa4 40.Bc8 Bxc8 41.Rxc8 Rd4 42.Rb8 Rd6 43.f3 f5
44.Kg2 Kd7 45.g4 hxg4 46.fxg4 Kc7 47.Rf8 fxg4 48.Kg3 b5 49.Kxg4 Kc6 50.Rc8+ Kd5
51.Kf4 Re6 52.Kg5 b4 53.Rd8+ Kc4 54.Rc8+ Kd3 55.Rd8+ Kc3 56.Rc8+ Kb2 57.Rg8 b3
58.Rxg6 Rxg6+ 59.Kxg6 Kc3 60.h5 b2 61.h6 b1=Q+ 62.Kg7 Qb7+ 63.Kg8 Qc8+ 64.Kg7 Qd7+
65.Kg8 Qe8+ 66.Kg7 Qe7+ 67.Kg8 Qg5+  0-1

[Event "Espoo op"]
[Site "Espoo"]
[Date "1993.??.??"]
[Round "1"]
[White "Hjelm, Niclas"]
[Black "Valkesalmi, Kimmo"]
[Result "1/2-1/2"]
[WhiteElo "2255"]
[BlackElo "2355"]

1.d4 Nf6 2.Bg5 d5 3.Bxf6 exf6 4.e3 c6 5.c4 dxc4 6.Bxc4 Bd6 7.Nc3 O-O 8.Nf3 Nd7
9.O-O Nb6 10.Bb3 Qe7 11.Re1 Be6 12.h3 Rad8 13.Qc2 Rfe8 14.e4  1/2-1/2

[Event "Espoo op"]
[Site "Espoo"]
[Date "1993.??.??"]
[Round "9"]
[White "Puranen, Jukka"]
[Black "Klovans, Janis"]
[Result "0-1"]
[WhiteElo "2340"]
[BlackElo "2440"]

1.d4 Nf6 2.Bg5 d5 3.Bxf6 gxf6 4.e3 e6 5.Bd3 c5 6.c3 Nc6 7.Nd2 e5 8.dxc5 Bxc5
9.Nb3 Bb6 10.Qh5 Be6 11.Ne2 Qd7 12.O-O-O O-O-O 13.Qh4 f5 14.c4 Nb4 15.cxd5 Nxa2+
16.Kb1 Qxd5 17.Bc2 Qb5 18.Nbc1 Nxc1 19.Nxc1 f4 20.Qh6 fxe3 21.fxe3 Qc5 22.Rhe1 Rxd1
23.Rxd1 Qxe3 24.Qg7 Rd8 25.Rxd8+ Bxd8 26.Qxh7 Bg5 27.Qg8+ Kc7 28.Ne2 Qxe2
29.Qxg5 Qe1+  0-1

[Event "FIN-ch"]
[Site "FIN"]
[Date "1993.??.??"]
[Round "?"]
[White "Manninen, Marko"]
[Black "Holmsten, Aleksei"]
[Result "1-0"]
[WhiteElo "2380"]
[BlackElo "2265"]

1.d4 Nf6 2.Bg5 d5 3.Nc3 e6 4.e4 dxe4 5.Nxe4 Be7 6.Bxf6 Bxf6 7.Nf3 O-O 8.Qd2 b6
9.O-O-O Bb7 10.Bd3 Nd7 11.h4 Re8 12.Qf4 Nf8 13.h5 Be7 14.Bb5 c6 15.Ne5 f5
16.Bxc6 Bxc6 17.Nxc6 Qd5 18.Nxe7+ Rxe7 19.Qd6 Qb7 20.Nc3 Rd7 21.Qg3 b5 22.Kb1 a5
23.Rd3 a4 24.Qf3 Qxf3 25.Rxf3 b4 26.Ne2 Rad8 27.a3 Rb7 28.axb4 Rxb4 29.c3 Rb7
30.Nc1 Nd7 31.Nd3 Nf6 32.Nc5 Ra7 33.Nxe6 Rb8 34.Nc5 Ne4 35.Nxe4 Rab7 36.Nc5 Rxb2+
37.Ka1 a3 38.Nd3 Rd2 39.Nb4 Re8 40.Re3  1-0

[Event "FRA"]
[Site "FRA"]
[Date "1993.??.??"]
[Round "?"]
[White "Rausis, Igors"]
[Black "Apicella, Manuel"]
[Result "1-0"]
[WhiteElo "2560"]
[BlackElo "2495"]

1.d4 Nf6 2.Bg5 d5 3.Nd2 Bf5 4.e3 e6 5.Ngf3 h6 6.Bxf6 Qxf6 7.c4 c6 8.Qb3 Qe7
9.Bd3 Bxd3 10.Qxd3 Nd7 11.O-O g6 12.cxd5 cxd5 13.Rfc1 Qd6 14.e4 Be7 15.Qb3 Rb8
16.exd5 exd5 17.Rc2 O-O 18.Rac1 Bf6 19.Nf1 Nb6 20.Ne3 Qf4 21.a4 Rfd8 22.a5 Nc4
23.Nxc4 dxc4 24.Rxc4 b5 25.Rc6 Kg7 26.g3 Qf5 27.R1c5 Qb1+ 28.Kg2 Qe4 29.Rc7 Rf8
30.Rd7 g5 31.h3 Rbd8 32.Rxd8 Rxd8 33.Rc7 Rd5 34.Qe3 Qf5 35.g4 Qf4 36.Qxf4 gxf4
37.Rxa7 Bxd4 38.Rb7 Bxb2 39.a6 Rd3 40.Rxb5 Bf6 41.Ra5 Rd8 42.Ra4 Ra8 43.Ne1 Be5
44.Nd3  1-0

[Event "Verbandsliga Nord Baden"]
[Site "Germany"]
[Date "1993.??.??"]
[Round "?"]
[White "Link, Thomas"]
[Black "Guenthner, Oliver"]
[Result "0-1"]
[WhiteElo "2290"]
[BlackElo "2260"]

1.d4 Nf6 2.Bg5 g6 3.Nd2 Bg7 4.e4 d6 5.h3 c5 6.dxc5 dxc5 7.Ngf3 O-O 8.Bc4 Nfd7
9.c3 Nb6 10.Bb3 Qc7 11.Qe2 Nc6 12.Qb5 Nd8 13.Be3 Nd7 14.a4 a6 15.Qe2 b6 16.Bg5 Nc6
17.Nc4 Bb7 18.Ne3 e6 19.Rd1 Na5 20.Bc2 Rae8 21.Nd2 f5 22.Ndc4 f4 23.Ng4 Nxc4
24.Qxc4 Ne5 25.Qb3 Nxg4 26.hxg4 Qe5 27.Qxb6 Bxe4 28.Bxe4 Qxe4+ 29.Kf1 f3  0-1

[Event "Hessenliga"]
[Site "Germany"]
[Date "1993.??.??"]
[Round "?"]
[White "Drill, Frank"]
[Black "Daechert, Regina"]
[Result "1-0"]
[WhiteElo "2210"]
[BlackElo "2215"]

1.d4 Nf6 2.Bg5 c5 3.Nc3 cxd4 4.Qxd4 Nc6 5.Qh4 h6 6.O-O-O d6 7.e4 Rg8 8.f4 hxg5
9.fxg5 Ng4 10.h3 g6 11.hxg4 Ne5 12.Nf3 Qa5 13.Bb5+ Bd7 14.Nxe5 Bxb5 15.Rd5 dxe5
16.Nxb5 Qb6 17.Rhd1 a6 18.Nc3 e6 19.Qg3 Rc8 20.Qd3 Be7 21.Rd7 Bxg5+ 22.Kb1 Rh8
23.a3 Kf8 24.Rxf7+ Kxf7 25.Qd7+ Kf6 26.Rd6 Qg1+ 27.Ka2 Rce8 28.Nd5+  1-0

[Event "BL9293 (Women)"]
[Site "Germany"]
[Date "1993.??.??"]
[Round "?"]
[White "Beltz, Martina"]
[Black "Heinatz, Gundula"]
[Result "1/2-1/2"]
[WhiteElo "2205"]
[BlackElo "2225"]

1.d4 Nf6 2.Bg5 g6 3.Bxf6 exf6 4.e4 Bg7 5.Nf3 O-O 6.Bd3 d5 7.exd5 Re8+ 8.Kf1 Qxd5
9.Nc3 Qa5 10.Qd2 Bf5 11.Bc4 c6 12.h3 b5 13.Bb3 Nd7 14.g4  1/2-1/2

[Event "Hessenliga"]
[Site "Germany"]
[Date "1993.??.??"]
[Round "?"]
[White "Drill, Frank"]
[Black "Zimmermann, Frank"]
[Result "0-1"]
[WhiteElo "2210"]
[BlackElo "2290"]

1.d4 Nf6 2.Bg5 d5 3.Bxf6 exf6 4.e3 Bd6 5.Bd3 O-O 6.Qf3 Re8 7.Nc3 c6 8.Nge2 Nd7
9.g4 Nf8 10.O-O-O b5 11.h4 Qa5 12.g5 f5 13.h5 b4 14.Nb1 g6 15.Rh4 Ba6 16.Bxa6 Qxa6
17.Ng3 Bxg3 18.Qxg3 Qxa2 19.Rdh1 Rad8 20.hxg6 fxg6 21.Qc7 Rd7 22.Qxc6 Ree7
23.Nd2 Rc7 24.Qb5 Rb7 25.Qc5 Rec7 26.Qd6 Qa1+ 27.Nb1 Qa5 28.Rd1 Qb5 29.Rhh1 a5
30.b3 Rc6 31.Qd8 Rd7 32.Qa8 Rdc7 33.c4 bxc3 34.Na3 Qxb3  0-1

[Event "Gladsaxe"]
[Site "Gladsaxe"]
[Date "1993.??.??"]
[Round "3"]
[White "Nielsen, John Arni"]
[Black "Hald, Jens Erik Kofoed"]
[Result "0-1"]
[WhiteElo "2265"]
[BlackElo "2230"]

1.d4 Nf6 2.Bg5 g6 3.c4 Bg7 4.Nc3 d6 5.e4 O-O 6.f3 Nc6 7.Nge2 a6 8.Qd2 Rb8
9.d5 Na5 10.Nc1 c5 11.Nb3 Bd7 12.Nd1 Nxb3 13.axb3 Re8 14.Be2 Qb6 15.Ra3 e6
16.dxe6 fxe6 17.O-O Rbd8 18.Nc3 Bc6 19.Kh1 Qc7 20.Rd1 Qf7 21.Qf4 Qf8 22.Qg3 Rd7
23.Raa1 Nh5 24.Qf2 Nf4 25.Qe3 Be5 26.Bf1 h6 27.Bh4 g5 28.Bf2 Qg7 29.g3 Ng6
30.Rd2 Qf6 31.Qe2 h5 32.Bg2 h4 33.Qe1 Rh7 34.Kg1 Kf7 35.Be3 Reh8 36.Ne2 hxg3
37.hxg3 Rh2 38.Qf2 g4 39.fxg4 Qxf2+ 40.Bxf2 Ke7 41.Be3 Bg7 42.Rad1 Ne5 43.Nf4 Nxg4
44.Ng6+ Ke8 45.Nxh8 Rxg2+ 46.Kxg2 Nxe3+ 47.Kf3 Nxd1 48.Rxd1 Bxh8 49.Rxd6 Kf7
50.Rd2 Bd4 51.Kf4 Kg6 52.Rc2 a5 53.Rd2 Kf6 54.g4 Be5+ 55.Kf3 Kg5 56.Re2 a4
57.bxa4 Bxa4 58.Rg2 Bb3 59.Rg1 Bd4 60.Rc1 b6 61.Kg3 Bxb2 62.Rb1 Be5+ 63.Kf3 Bc2
64.Rxb6 Bd1+ 65.Ke3 Bxg4 66.Rc6 Bd4+ 67.Kd3 Kf4 68.Rc8 Ke5 69.Rg8 Bh3 70.Rg5+ Kd6
71.Rg3 Bf1+ 72.Kd2  0-1

[Event "Wichern op"]
[Site "Hamburg"]
[Date "1993.??.??"]
[Round "2"]
[White "Walter, Karel"]
[Black "Mowsziszian, Karen"]
[Result "0-1"]
[WhiteElo "2105"]
[BlackElo "2480"]

1.d4 Nf6 2.Bg5 c5 3.d5 Ne4 4.Bh4 Qb6 5.Qc1 g5 6.Bg3 Bg7 7.c3 Nf6 8.Qd2 Nxd5
9.Na3 Nf6 10.Nc4 Qe6 11.Qxg5 O-O 12.e3 Ne4 13.Qh4 d5 14.Bd3 Bf6 15.Qf4 Bg5
16.Qf3 Nc6 17.Nh3 f5 18.Nxg5 Nxg5 19.Qf4 Ne4 20.Nd2 Nxd2 21.Kxd2 Qg6 22.Qc7 Rf7
23.Qf4 e5 24.Qh4 Be6 25.Be2 Rd7 26.Rhd1 Rf8 27.f4 d4 28.Qg5 Qxg5 29.fxg5 dxe3+
30.Kc2 f4 31.Rxd7 Bxd7 32.Be1 e4 33.Rd1 Be6 34.Rd6 Kf7 35.h4 Ke7 36.Rd1 f3  0-1

[Event "Hastings op9394"]
[Site "Hastings"]
[Date "1993.??.??"]
[Round "?"]
[White "Plaskett, Jim"]
[Black "Cooper, John Grantley"]
[Result "1/2-1/2"]
[WhiteElo "2465"]
[BlackElo "2370"]

1.d4 Nf6 2.Bg5 d5 3.Bxf6 gxf6 4.e3 Bf5 5.c4 c6 6.Nc3 e6 7.Nf3 Be7 8.c5 b6
9.b4 bxc5 10.bxc5 Qa5 11.Qd2 Nd7 12.Bd3 Bxd3 13.Qxd3 Rb8 14.O-O f5 15.h3 O-O
16.Kh1 Kh8 17.Rg1 Bf6 18.Rac1 Rg8 19.Rc2 Qa3 20.Nd2 Bd8 21.g4 fxg4 22.Ndb1 Qa5
23.hxg4 Qc7 24.f4 Nf8 25.Nd2 f6 26.Nf3 Rg6 27.Rh2 Kg8 28.g5 fxg5 29.Ne5 Rg7
30.f5 exf5 31.Qxf5 Qc8 32.Qf3 Qe6 33.e4 Ng6 34.Nxg6 Qxg6 35.exd5 Ba5 36.Ne4 Rf8
37.Qe2 cxd5 38.Nxg5 h6 39.Nf3 Qe4 40.Rxg7+ Kxg7 41.Qg2+ Kf7 42.Rxh6 Ke8 43.Rh3 Bc7
44.a3  1/2-1/2

[Event "Helsinki We HSK"]
[Site "Helsinki"]
[Date "1993.??.??"]
[Round "?"]
[White "Puranen, Jukka"]
[Black "Sorri, Kari Juhani"]
[Result "0-1"]
[WhiteElo "2340"]
[BlackElo "2340"]

1.d4 Nf6 2.Bg5 d5 3.Bxf6 exf6 4.e3 Bd6 5.c4 c6 6.Nc3 dxc4 7.Bxc4 O-O 8.Qf3 Nd7
9.Nge2 f5 10.h4 Nf6 11.g3 Qa5 12.O-O Bd7 13.a3 Rae8 14.Bd3 g6 15.Rfb1 Qd8
16.b4 h5 17.Nf4 Qe7 18.Rb2 Ne4 19.Nce2 Qd8 20.Bc4 Kg7 21.Nd3 b6 22.a4 Bc8
23.Nef4 Bb7 24.Rc1 c5 25.bxc5 Nxc5 26.Qd1 Nxd3 27.Nxd3 Ba3 28.Qb3 Bxb2 29.Qxb2 Qf6
30.Ne5 Re7 31.Bb5 Rc8 32.Rxc8 Bxc8 33.f4 Qd6 34.Kf2 Bb7 35.Be2 f6 36.Nf3 Qc6
37.Qb3 Rc7 38.Qa3 Qc2 39.Qd6 Ba6 40.Ng1  0-1

[Event "Helsinki We HSK"]
[Site "Helsinki"]
[Date "1993.??.??"]
[Round "?"]
[White "Puranen, Jukka"]
[Black "Kiviaho, Allan"]
[Result "1/2-1/2"]
[WhiteElo "2340"]
[BlackElo "2240"]

1.d4 Nf6 2.Bg5 c5 3.Nc3 cxd4 4.Qxd4 e6 5.O-O-O Be7 6.Nf3 d5 7.e4 dxe4 8.Qxd8+ Bxd8
9.Nxe4 Be7 10.Nd6+ Bxd6 11.Rxd6 Ke7 12.Rd1 Nc6 13.Bb5 Bd7 14.Be3 Rhd8 15.Bc5+ Ke8
16.Rhe1 Ne7 17.Nd4 a6 18.Bf1 Rdc8 19.Ba3 b5 20.Kb1 Rab8 21.c3 a5 22.Bxe7 Kxe7
23.Nf5+ Kf8 24.Nd6 Rc5 25.Ne4 Nxe4 26.Rxe4 Bc6 27.Red4 Bd5 28.f3 Ke7 29.Re1 Kf6
30.Rf4+ Ke7 31.Rd4 Kf8 32.Red1 Ke7 33.Re1 b4 34.c4 Bc6 35.Bd3 g6 36.b3 a4
37.Kb2 Ra8 38.Bc2 Rca5 39.Re3 e5 40.c5 Rxc5 41.Rxb4 axb3 42.Bxb3 Rd8  1/2-1/2

[Event "Helsinki We HSK"]
[Site "Helsinki"]
[Date "1993.??.??"]
[Round "?"]
[White "Lokotar, Erkki"]
[Black "Kiviaho, Allan"]
[Result "1-0"]
[WhiteElo "2330"]
[BlackElo "2240"]

1.d4 Nf6 2.Bg5 c5 3.Bxf6 exf6 4.dxc5 Bxc5 5.e3 O-O 6.c3 Qe7 7.Bd3 g6 8.Ne2 f5
9.Nd2 Nc6 10.Nf3 Ne5 11.Nf4 Nxf3+ 12.Qxf3 Rb8 13.h4 b5 14.h5 Bb7 15.Qh3 g5
16.Qxf5 f6 17.Ng6 hxg6 18.hxg6 Qe6 19.g7 Qxf5 20.gxf8=Q+ Rxf8 21.Bxf5 Bxg2
22.Rh7 Bc6 23.O-O-O a5 24.Rh2 Rf7 25.e4 Kf8 26.f3 Ke7 27.Rh8 a4 28.Kc2 b4
29.Rc8 bxc3 30.Kxc3 Bd6 31.Bg6 Rf8 32.Rxf8 Be5+ 33.Kc4 Kxf8 34.b4 axb3 35.axb3 Ke7
36.b4 Kd8 37.b5 Bb7 38.Kc5 Bc7 39.Bf5 Bc8 40.b6 Be5 41.Rh1  1-0

[Event "Helsinki We HSK"]
[Site "Helsinki"]
[Date "1993.??.??"]
[Round "?"]
[White "Lokotar, Erkki"]
[Black "Nouro, Mikael"]
[Result "1-0"]
[WhiteElo "2330"]
[BlackElo "2215"]

1.d4 Nf6 2.Bg5 c5 3.Bxf6 gxf6 4.d5 Qb6 5.Qc1 d6 6.Nc3 f5 7.e3 Bg7 8.a4 e5
9.Bb5+ Bd7 10.Nge2 O-O 11.Bxd7 Nxd7 12.Ng3 f4 13.Nf5 Rfe8 14.O-O fxe3 15.Qxe3 Nf8
16.Ne4 Ng6 17.h4 Qd8 18.h5 Nf4 19.Qf3 Kh8 20.Nexd6 Rf8 21.Ne4 Qxd5 22.h6 Bxh6
23.Nxh6 f5 24.Ng3 Qe6 25.Nhxf5 Rxf5 26.Nxf5 Qxf5 27.Rfd1 Rg8 28.Kf1 Rxg2
29.Rd8+ Kg7 30.Rad1 Qxc2 31.Qxb7+ Kh6 32.R8d6+ Rg6 33.Qh1+ Kg5 34.Rxg6+ hxg6
35.Qf3 Qc4+ 36.Kg1 Ne2+ 37.Kh2 Qh4+ 38.Kg2 Nf4+ 39.Kf1 e4 40.Qg3+ Qxg3 41.fxg3 Nd3
42.b3 Kg4 43.Ke2 Kxg3 44.Ke3 Kg4 45.Rf1 c4 46.bxc4 Nb2 47.c5 Nxa4 48.c6 g5
49.c7 Nb6 50.Kxe4 Kh3 51.Rb1 Nc8 52.Rb8  1-0

[Event "Heraklio op"]
[Site "Heraklio"]
[Date "1993.??.??"]
[Round "6"]
[White "Bellon Lopez, Juan Manuel"]
[Black "Demirel, Tolga"]
[Result "1-0"]
[WhiteElo "2415"]
[BlackElo "2310"]

1.d4 Nf6 2.Bg5 g6 3.Bxf6 exf6 4.e3 Bg7 5.Ne2 O-O 6.Nf4 d5 7.h4 h5 8.c4 dxc4
9.Bxc4 Kh7 10.Nd2 Nd7 11.g4 hxg4 12.h5 g5 13.h6 Bxh6 14.Qc2+ Kg7 15.Nh5+ Kh8
16.Ng3  1-0

[Event "Hlohovec op"]
[Site "Hlohovec"]
[Date "1993.??.??"]
[Round "?"]
[White "Meduna, Eduard"]
[Black "Socko, Bartosz"]
[Result "0-1"]
[WhiteElo "2460"]
[BlackElo "2240"]

1.d4 Nf6 2.Bg5 g6 3.Bxf6 exf6 4.e3 Bg7 5.Nd2 O-O 6.g4 d5 7.Bd3 c5 8.c3 Re8
9.dxc5 d4 10.Nc4 dxe3 11.Nxe3 Qd5 12.Nf3 Qxc5 13.O-O Bh6 14.Nd4 Nc6 15.Re1 Nxd4
16.cxd4 Qxd4 17.Bb5 Rd8 18.Nf5 Bxf5 19.Re8+ Kg7 20.Qxd4 Rxd4 21.Rxa8 Rxg4+
22.Kf1 Rg5 23.Bc4 b5  0-1

[Event "HUN-chT"]
[Site "HUN"]
[Date "1993.??.??"]
[Round "?"]
[White "Brandics, Jozsef"]
[Black "Farago, Sandor"]
[Result "0-1"]
[WhiteElo "2330"]
[BlackElo "2340"]

1.d4 Nf6 2.Bg5 g6 3.Bxf6 exf6 4.e3 Bg7 5.Ne2 O-O 6.Nf4 d5 7.h4 Re8 8.h5 Qd6
9.hxg6 hxg6 10.Be2 c6 11.Kf1 Nd7 12.c4 dxc4 13.Bxc4 Nb6 14.Bb3 Nd5 15.Nxd5 cxd5
16.Nc3 Be6 17.Qf3 Red8 18.g3 a6 19.Kg2 b5 20.Rac1 Qd7 21.Qe2 Rab8 22.Qd2 a5
23.Bd1 Rdc8 24.a4 b4 25.Ne2 g5 26.Rxc8+ Rxc8 27.Bc2 f5 28.f4 f6 29.b3 Bf7
30.Bd3 Qe6 31.Kf2 Re8 32.Rc1 Bf8 33.Rc2 Bh5 34.Qc1 Bg4 35.Ng1 Qf7 36.Bf1 gxf4
37.exf4 Re4 38.Bg2 Rxd4 39.Qe3 Rd1 40.Nf3 Qe7 41.Nd4 Qd7 42.Bf1 Kh8 43.Bg2 Qa7
44.Nc6 Qc7 45.Nxb4 Qd7 46.Bf3 d4 47.Qe2 Rh1 48.Qa6  0-1

[Event "HUN-chT"]
[Site "HUN"]
[Date "1993.??.??"]
[Round "?"]
[White "Laszlo, Janos"]
[Black "Tolnai, Tibor"]
[Result "0-1"]
[WhiteElo "2305"]
[BlackElo "2500"]

1.d4 Nf6 2.Bg5 d5 3.Bxf6 exf6 4.e3 f5 5.Bd3 g6 6.Qf3 c6 7.Ne2 Bd6 8.h3 Qe7
9.b3 O-O 10.c4 dxc4 11.bxc4 Nd7 12.O-O Nf6 13.Nbc3 Re8 14.Ng3 h5 15.Rfc1 h4
16.Nf1 Ne4 17.c5 Bc7 18.Bc4 Ng5 19.Qe2 Qf6 20.Nd2 f4 21.Nf3 fxe3 22.Ne5 exf2+
23.Qxf2 Qxf2+ 24.Kxf2 Bxe5 25.dxe5 Rxe5  0-1

[Event "HUN-chT"]
[Site "HUN"]
[Date "1993.??.??"]
[Round "?"]
[White "Szuk, Balazs"]
[Black "Portisch, Ferenc"]
[Result "1/2-1/2"]
[WhiteElo "2315"]
[BlackElo "2400"]

1.d4 Nf6 2.Bg5 d5 3.Bxf6 exf6 4.e3 c6 5.Ne2 Bd6 6.Nd2 f5 7.c4 O-O 8.cxd5 cxd5
9.g3 Nd7 10.Bg2 Nf6 11.Qb3 Be6 12.Qxb7 Qa5 13.Qb3 Rab8 14.Qc2 Rfc8 15.Nc3 Qa6
16.Bf1 Qb6 17.Rb1 Ne4 18.Be2 Bb4 19.Ndxe4 dxe4 20.O-O Bxa2 21.Ra1 Be6 22.Qa4 Bxc3  1/2-1/2

[Event "HUN-chT"]
[Site "HUN"]
[Date "1993.??.??"]
[Round "?"]
[White "Donka, Peter"]
[Black "Borsi, Imre"]
[Result "1-0"]
[WhiteElo "2215"]
[BlackElo "2230"]

1.d4 Nf6 2.Bg5 d5 3.Bxf6 gxf6 4.e3 e5 5.Qh5 Qd6 6.Nc3 c6 7.O-O-O Qe6 8.dxe5 fxe5
9.g3 Qf5 10.Qxf5 Bxf5 11.e4 dxe4 12.Bg2 Nd7 13.Bxe4 Bxe4 14.Nxe4 f5 15.Nd6+ Bxd6
16.Rxd6 Ke7 17.Rd2 Nc5 18.Nf3 e4 19.Nh4 Kf6 20.Rhd1 Rhe8 21.Rd6+ Re6 22.Rd8 Rxd8
23.Rxd8 Kg5 24.Rg8+ Kf6 25.Rf8+ Ke7 26.Rxf5 Nd7 27.Rf4 Nf6 28.Nf5+ Kd7 29.Ne3 Nd5
30.Nxd5 cxd5 31.Rf7+ Kc6 32.Kd2 h6 33.Ke3 a5 34.Kd4  1-0

[Event "HUN-chT2"]
[Site "HUN"]
[Date "1993.??.??"]
[Round "?"]
[White "Kiss, Istvan"]
[Black "Istvanovszky, Kalman"]
[Result "0-1"]
[WhiteElo "2320"]
[BlackElo "2340"]

1.d4 Nf6 2.Bg5 g6 3.e3 Bg7 4.Nd2 O-O 5.Bd3 d6 6.f4 c5 7.Ngf3 Nd5 8.e4 Nb4
9.Nb3 Nxd3+ 10.Qxd3 Qc7 11.Qe3 cxd4 12.Nfxd4 Nc6 13.Nxc6 bxc6 14.c3 Ba6 15.O-O-O Rab8
16.f5 Bc4 17.f6 exf6 18.Bf4 Rbd8 19.Qg3 Rfe8 20.Bxd6 Qb6 21.Bc7 Rxd1+ 22.Rxd1 Qb5
23.Nd4 Qa6 24.b3 Be2 25.Rd2 Bh5 26.Qf4 c5 27.Nf3 g5 28.Qe3 c4 29.Kb2 cxb3
30.axb3 Bf8 31.b4 Bg6 32.e5 Qf1 33.Ne1 a5 34.Qf2 Qc4 35.Bxa5 Rxe5 36.Nc2 Kg7
37.Qd4 Qc6 38.Ne3 Re4 39.Qb6 Qxb6 40.Bxb6 Bxb4 41.Bd4 Bd6 42.g3 Be5 43.Bc5 f5
44.Kb3 h5 45.Nc4 f6 46.Nd6 Re1 47.c4 g4 48.Bf2 Rb1+ 49.Ka4 Bc3 50.Re2 f4
51.Ra2 Bd3 52.c5 Be2 53.Nf5+ Kf8 54.Nd4 Rb4+ 55.Ka3 Rxd4 56.Bxd4 Bxd4 57.c6 Be5  0-1